Programa para educación primaria: matemáticas
Esta cartilla para la enseñanza de las matemáticas en educación primaria pretende que los alumnos amplíen el sus conceptos en la medida que van desarrollando sus capacidades cognitivas, de comunicación y habilidades del pensamiento.
Saved in:
| Hovedforfatter: | |
|---|---|
| Format: | Bog |
| Sprog: | Spanish |
| Udgivet: |
Bogotá:
Cedetrabajo,
1997
|
| Serier: | Cedetrabajo
|
| Fag: | |
| Online adgang: | Enlace del recurso |
| Tags: |
Tilføj Tag
Ingen Tags, Vær først til at tagge denne postø!
|
MARC
| LEADER | 00000nam a2200000 a 4500 | ||
|---|---|---|---|
| 001 | 001353 | ||
| 008 | 030813s1997 ck a fr# #000|0#spa#d | ||
| 041 | 0 | |a spa | |
| 043 | |a s-ck--- | ||
| 082 | 0 | 4 | |a 372.7 |b R155p |
| 100 | 1 | |a Ramos, Maritza | |
| 245 | 1 | 0 | |a Programa para educación primaria: |b matemáticas |c Maritza Ramos |
| 260 | |a Bogotá: |b Cedetrabajo, |c 1997 | ||
| 300 | |a 36 p.: |b il., gráf. | ||
| 440 | 0 | |a Cedetrabajo | |
| 504 | |a Incluye bibliografía. | ||
| 520 | 3 | |a Esta cartilla para la enseñanza de las matemáticas en educación primaria pretende que los alumnos amplíen el sus conceptos en la medida que van desarrollando sus capacidades cognitivas, de comunicación y habilidades del pensamiento. | |
| 650 | 1 | 4 | |a ENSEÑANZA DE LAS MATEMÁTICAS |z COLOMBIA |
| 650 | 1 | 4 | |a EDUCACIÓN PRIMARIA |
| 999 | |c 3505 |d 3505 | ||
| 856 | |u https://catalogo.idep.edu.co/cgi-bin/koha/opac-detail.pl?biblionumber=3505 |z Enlace del recurso | ||